000 00845nam a2200253 i 4500
001 122133
003 ES-MaACL
005 20230906191921.0
007 t|
008 070214s1949 sp af |||| | spa d
080 _a74 García Lorca, Federico
100 1 _aGarcía Lorca, Federico,
_d1898-1936
_954853
245 1 0 _aDibujos de García Lorca /
_cintroducción y notas de Gregorio Prieto.
250 _a1ª ed.
260 _aMadrid :
_bAfrosidio Aguado,
_c1949.
300 _a68 p., 41 lám. col. ;
_c19 cm.
490 1 _aColección de la cariátide ;
_v1
546 _aEd. bilingüe español-inglés.
600 1 7 _aGarcía Lorca, Federico,
_d1898-1936-
_xDibujo
_2
_9170064
700 1 _aPrieto, Gregorio.
_993885
830 0 _aColección de la cariátide ;
_v1
_9186559
852 _aES-MaACL
_jD-5803
999 _c122133
_d122133